| 000 | 00843nam a22002177a 4500 | ||
|---|---|---|---|
| 999 |
_c1890 _d1890 |
||
| 003 | AR-CdUCM | ||
| 008 | 190228b ||||| |||| 00| 0 spa d | ||
| 040 |
_aMUNICIPALIDAD PROVINCIAL DEL CUSCO _cBIBLIOTECA MUNICIPAL DEL CUSCO |
||
| 082 |
_a129.42 / _bB25 |
||
| 100 |
_aBars, Henry _96925 |
||
| 245 |
_aLa política según Maritain / _cHenry Bars |
||
| 260 |
_aBarcelona : _bNova terra, _c1963. |
||
| 300 |
_a249 paginas ; _c18 cm. |
||
| 505 | _aQue es la política -- Los hombres y sus sociedades -- La sociedad política -- La acción política y los grandes problemas contemporáneos -- La política y el evangelio ... | ||
| 650 |
_aCiencia política _91775 |
||
| 650 |
_aFilosofía _9395 |
||
| 650 |
_aIglesia Católica y política _96926 |
||
| 700 |
_aPérez Gonzáles, Antonio _96927 |
||
| 942 |
_2ddc _cLIBROS |
||
| 945 |
_aacv _d2019-02-28 |
||